COMPERHENSIVE DICTIONARY OF TEXTILES (Record no. 9926)

MARC details
000 -LEADER
fixed length control field 00348nam a22001577a 4500
003 - CONTROL NUMBER IDENTIFIER
control field SGT
020 ## - INTERNATIONAL STANDARD BOOK NUMBER
International Standard Book Number 81-8247046-3
082 ## - DEWEY DECIMAL CLASSIFICATION NUMBER
Classification number 746.03,BRO
100 ## - MAIN ENTRY--PERSONAL NAME
Personal name BROWN,MASON
245 ## - TITLE STATEMENT
Title COMPERHENSIVE DICTIONARY OF TEXTILES
250 ## - EDITION STATEMENT
Edition statement 1ST
260 ## - PUBLICATION, DISTRIBUTION, ETC. (IMPRINT)
Place of publication, distribution, etc CHANDIGARH
Name of publisher, distributor, etc ABHISHEK PUB.
Year of Publication 2013
300 ## - PAGE DESCRIPTION
No. of Pages 200
650 ## - SUBJECT ADDED ENTRY--TOPICAL TERM
Topical term or geographic name as entry element DICTIONARY
942 ## - ADDED ENTRY ELEMENTS (KOHA)
Source of classification or shelving scheme Dewey Decimal Classification
Koha item type Books
942 ## - ADDED ENTRY ELEMENTS (KOHA)
-- 1
Holdings
Withdrawn status Lost status Source of classification or shelving scheme Damaged status Not for loan Home library Current library Shelving location Date acquired Vendor Name Cost, normal purchase price SGTU Bill Number Total Checkouts Full call number Accession No. (Barcode) Date last seen Bill Date Koha item type Date last borrowed
    Dewey Decimal Classification     SGT Science & Social Sciences Library SGT Science & Social Sciences Library Text Book 17/09/2016 ABC DELHI 395.00 SGTU 7131   746.03,BRO FF39 17/09/2016 17/09/2016 Books  
    Dewey Decimal Classification     SGT Science & Social Sciences Library SGT Science & Social Sciences Library Text Book 17/09/2016 ABC DELHI 395.00 SGTU 7131   746.03,BRO FF40 17/09/2016 17/09/2016 Books  
    Dewey Decimal Classification     SGT Science & Social Sciences Library SGT Science & Social Sciences Library Text Book 17/09/2016 ABC DELHI 395.00 SGTU 7131 2 746.03,BRO FF41 19/03/2021 17/09/2016 Books 02/03/2021
    Dewey Decimal Classification     SGT Science & Social Sciences Library SGT Science & Social Sciences Library Text Book 17/09/2016 ABC DELHI 395.00 SGTU 7131   746.03,BRO FF42 17/09/2016 17/09/2016 Books  
    Dewey Decimal Classification     SGT Science & Social Sciences Library SGT Science & Social Sciences Library Text Book 17/09/2016 ABC DELHI 395.00 SGTU 7131 2 746.03,BRO FF43 27/12/2021 17/09/2016 Books 16/12/2021